000 01101nam a2200301 i 4500
001 000006395
003 DO-SdBNP
005 20251010094120.0
007 ta
008 090828s1992 dr e 000 0 spa d
040 _aDO-SdBNP
_bspa
_cBNPHU
_erda
041 _aspa
049 _aBNPD
082 4 _axxxx
_bR252m
_222
100 1 _aRavelo de la Fuente, Julio E.,
_d1910-
_eautor
_4aut.
_917779
245 1 0 _aManual de procedimientos y relgamentaciones catastrales /
_cJulio E. Ravelo de la Fuente.
264 4 _aSanto Domingo :
_bEditora Universitaria-UASD,
_c©1992.
300 _a284 páginas :
_bplanos ;
_c21 cm.
336 _atexto
_btxt
_2rdacontent
337 _asin mediación
_bn
_2rdamedia
338 _avolumen
_bnc
_2rdacarrier
490 1 _aPublicaciones de la Universidad Autánoma de Santo Domingo ;
_v684
490 1 _aColección Ciencia y Tecnología
_v24
504 _aBibliografía : páginas 275
590 _aInventariado, 25025/BT
830 0 _aPublicaciones de la Universidad Autánoma de Santo Domingo ;
_v684
_pColección Ciencia y Tecnología
_n24
_917780
942 _2ddc
_cLBS1
999 _c6190
_d6190